Every Linkin Park Song - Statistics

General Stats
  • This quiz has been taken 30 times
    6 since last reset
  • The average score is 113 of 128
Answer Stats
Album Answer % Correct
Minutes To Midnight Across The Line
100%
Hybrid Theory A Place For My Head
100%
Collision Course Big Pimpin' / Papercut
100%
A Thousand Suns Blackout
100%
Minutes To Midnight Bleed It Out
100%
Meteora Breaking The Habit
100%
A Thousand Suns Burning In The Skies
100%
Hybrid Theory By Myself
100%
Hybrid Theory Crawling
100%
Hybrid Theory Cure For The Itch
100%
Collision Course Dirt Off Your Shoulder / Lying From You
100%
Meteora Don't Stay
100%
Meteora Easier To Run
100%
A Thousand Suns Empty Spaces
100%
Meteora Faint
100%
A Thousand Suns Fallout
100%
Meteora (20th Anniversary Edition) Fighting Myself
100%
Meteora Figure.09
100%
Meteora Foreword
100%
Hybrid Theory Forgotten
100%
Papercuts Friendly Fire
100%
Meteora From The Inside
100%
Minutes To Midnight Given Up
100%
One More Light Good Goodbye
100%
Minutes To Midnight Hands Held High
100%
One More Light Heavy
100%
Hybrid Theory High Voltage
100%
Meteora Hit The Floor
100%
LIVING THINGS I'LL BE GONE
100%
Minutes To Midnight In Between
100%
LIVING THINGS IN MY REMAINS
100%
Minutes To Midnight In Pieces
100%
Hybrid Theory In The End
100%
A Thousand Suns Iridescent
100%
Collision Course Izzo / In The End
100%
Collision Course Jigga What / Faint
100%
A Thousand Suns Jornada Del Muerto
100%
Minutes To Midnight Leave Out All The Rest
100%
Meteora (20th Anniversary Edition) Lost
100%
LIVING THINGS LOST IN THE ECHO
100%
Meteora Lying From You
100%
Hybrid Theory My December
100%
'Single' New Divide
100%
One More Light Nobody Can Save Me
100%
Meteora Nobody's Listening
100%
Minutes To Midnight No More Sorrow
100%
Minutes To Midnight No Roads Left
100%
Meteora Numb
100%
Collision Course Numb / Encore
100%
One More Light One More Light
100%
Hybrid Theory One Step Closer
100%
Hybrid Theory Papercut
100%
Hybrid Theory Points Of Authority
100%
Collision Course Points Of Authority / 99 Problems / One Step Closer
100%
Hybrid Theory Pushing Me Away
100%
A Thousand Suns Robot Boy
100%
Hybrid Theory Runaway
100%
Meteora Session
100%
Minutes To Midnight Shadow Of The Day
100%
One More Light Sharp Edges
100%
Meteora Somewhere I Belong
100%
One More Light Talking To Myself
100%
A Thousand Suns The Catalyst
100%
Minutes To Midnight The Little Things Give You Away
100%
A Thousand Suns The Messenger
100%
A Thousand Suns The Radiance
100%
A Thousand Suns The Requiem
100%
Minutes To Midnight Valentine's Day
100%
A Thousand Suns Waiting For The End
100%
Minutes To Midnight Wake
100%
Minutes To Midnight What I've Done
100%
A Thousand Suns When They Come For Me
100%
A Thousand Suns Wisdom, Justice, and Love
100%
Hybrid Theory With You
100%
A Thousand Suns Wretches And Kings
100%
RECHARGED A LIGHT THAT NEVER COMES
83%
The Hunting Party All For Nothing
83%
One More Light Battle Symphony
83%
LIVING THINGS BURN IT DOWN
83%
LIVING THINGS CASTLE OF GLASS
83%
The Hunting Party Final Masquerade
83%
The Hunting Party Guilty All The Same
83%
One More Light Halfway Right
83%
Meteora (20th Anniversary Edition) Healing Foot
83%
One More Light Invisible
83%
The Hunting Party Keys To The Kingdom
83%
LIVING THINGS LIES GREED MISERY
83%
The Hunting Party Mark The Graves
83%
Meteora (20th Anniversary Edition) Massive
83%
Meteora (20th Anniversary Edition) More The Victim
83%
LIVING THINGS POWERLESS
83%
Papercuts QWERTY
83%
The Hunting Party Rebellion
83%
Meteora (20th Anniversary Edition) Resolution
83%
LIVING THINGS ROADS UNTRAVELED
83%
LIVING THINGS SKIN TO BONE
83%
One More Light Sorry For Now
83%
LIVING THINGS TINFOIL
83%
LIVING THINGS UNTIL IT BREAKS
83%
The Hunting Party Until It's Gone
83%
LIVING THINGS VICTIMIZED
83%
The Hunting Party War
83%
The Hunting Party Wastelands
83%
Meteora (20th Anniversary Edition) Wesside
83%
The Hunting Party A Line In The Sand
67%
From Zero Casualty
67%
From Zero Cut The Bridge
67%
The Hunting Party Drawbar
67%
From Zero From Zero (Intro)
67%
From Zero Good Things Go
67%
From Zero Heavy Is The Crown
67%
From Zero IGYEIH
67%
From Zero Over Each Other
67%
From Zero Overflow
67%
Hybrid Theory (20th Anniversary Edition) She Couldn't
67%
From Zero Stained
67%
From Zero The Emptiness Machine
67%
The Hunting Party The Summoning
67%
From Zero Two Faced
67%
From Zero (Deluxe Edition) Up From The Bottom
67%
From Zero (Deluxe Edition) Let You Fade
50%
'Single' Not Alone
50%
Hybrid Theory (20th Anniversary Edition) Pictureboard
50%
From Zero (Deluxe Edition) Unshatter
50%
Hybrid Theory (20th Anniversary Edition) Could Have Been
33%
Meteora (20th Anniversary Edition) Standing In The Middle
33%
'Single' Darker Than The Light That Never Bleeds
17%
Hybrid Theory (20th Anniversary Edition) Opening
17%
No matching quizzes found
Score Distribution
Percent of People with Each Score
Percentile by Number Answered
Your Score History
You have not taken this quiz since the last reset